Normal view
MARC view
- ثقافة عامة
Entry Topical Term
001 - CONTROL NUMBER
- control field: 39746
003 - CONTROL NUMBER IDENTIFIER
- control field: JO-AjAnu
005 - DATE AND TIME OF LATEST TRANSACTION
- control field: 20230606080616.0
008 - FIXED-LENGTH DATA ELEMENTS
- fixed length control field: 230606|| aca||aabn | a|a d
040 ## - CATALOGING SOURCE
- Original cataloging agency: JO-AjAnu
- Transcribing agency: JO-AjAnu
150 ## - HEADING--TOPICAL TERM
- Topical term or geographic name entry element: ثقافة عامة
670 ## - SOURCE DATA FOUND
- Source citation: Work cat.: (JO-AjAnu)20380: الزعبي، أمجد احمد ،الزغموري، خليل محمد، الزمر، زهدي حسني / اعداد, author 39745, الرائد الجديد في الثقافة العامة للمرحلة الثانوية : المستوى 1 : الإنسان